Statistics for U.S. Wars Quiz

Click here to take the quiz!

General Stats

  • This quiz has been taken 67,344 times
    (67,317 since last reset)
  • The average score is 10 of 12

Answer Stats

Deaths Years War % Correct
116,5161917–1918World War I
98%
405,3991941-1945World War II
98%
625,0001861–1865Civil War
95%
58,2091955-1975Vietnam War
95%
4,4872003-2011Iraq War
92%
36,5161950-1953Korean War
89%
25,0001775-1783Revolutionary War
88%
2,4192001-Afghanistan
82%
20,0001812-1815War of 1812
69%
2,4461898Spanish-American War
65%
13,2831846-1848Mexican–American War
61%
4,1961898-1913Philippine–American War
23%

Score Distribution

Percentile by Number Answered

Percent of People with Each Score

Your Score History

You have not taken this quiz since the last reset